| 000 | 00000nas##2200000za#4500 |
| 001 | 9.510819 |
| 003 | CaOODSP |
| 005 | 20210305160057 |
| 007 | ta |
| 008 | 150406c2002||||xxc|| p #||||f| |0fre|d |
| 022 | |a1485-2888 |
| 040 | |aCaOODSP|bfre |
| 041 | |aeng |
| 041 | |afre |
| 043 | |an-cn--- |
| 086 | 1 |aYC3-371/3 |
| 110 | 1 |aCanada. |bParlement. |bComité mixte permanent de la Bibliothèque du Parlement. |
| 245 | 10|aComité mixte permanent des Bibliothèque du Parlement, délibérations / |cCoprésidentes: L'honorable sénateur Vivienne Poy, Carolyn Bennett, députée |
| 260 | |bSénat et Chambre des communes. |
| 310 | |aIrrégulier |
| 362 | 1 |a1re session, 37 législature, 2001-2002 |
| 720 | 1 |aPoy, Vivienne |
| 791 | |tStanding Joint Committee on Library of Parliament, proceedings / |eeng|w(CaOODSP)9.510818 |